000 00714nam a2200229 a 4500
001 BRL_1212
005 20190320211103.0
008 291113s1964----enka######---#000-0#eng-#
041 _aeng
044 _aenk
050 4 _aML460
_b.B83 1964
100 1 _aBuchner, Alexander
_926136
245 1 0 _aMusical instruments through the ages
_cAlexander Buchner ; Translated by Iris Urwin.
260 _aLondon
_bSpring Books
_c1964
300 _axv, 37 p.
_bil., 323 láminas (algunas a color)
_c33 cm.
500 _aAu1383
650 1 4 _aInstrumentos musicales
_vObras pictóricas
_926137
650 1 4 _aInstrumentos musicales
_xHistoria
_926138
700 1 _aUrwin, Iris
_etr.
_926139
902 _aGRL
942 _2lcc
_cB
999 _c10024
_d10024